LEADER 01765nam0 2200433 i 450 001 VAN0132710 005 20230621084242.213 017 70$2N$a9781461487494 100 $a20210324d2014 |0itac50 ba 101 $aeng 102 $aUS 105 $a|||| ||||| 200 1 $aIncoming Asteroid!$eWhat Could We Do About It?$fDuncan Lunan 210 $aNew York$cSpringer$d2014 215 $axvii, 390 p.$cill.$d24 cm 410 1$1001VAN0132684$12001 $aAstronomers' Universe$1210 $aNew York [etc.]$cSpringer 500 1$3VAN0134691$aIncoming Asteroid!$91768673 606 $a85-XX$xAstronomy and Astrophysics [MSC 2020]$3VANC023246$2MF 610 $aASTRA project$9KW:K 610 $aAsteroid dangers description$9KW:K 610 $aAsteroid impact risk$9KW:K 610 $aAsteroid watch$9KW:K 610 $aAstronomical impact hazard$9KW:K 610 $aEarth threat statistics$9KW:K 610 $aEarth-grazing asteroids$9KW:K 610 $aImpact threat mitigation$9KW:K 610 $aMass extinction prevention$9KW:K 610 $aNear earth objects$9KW:K 620 $aUS$dNew York$3VANL000011 700 0$aLunan, Duncan$3VANV106530$0791311 712 $aSpringer $3VANV108073$4650 801 $aIT$bSOL$c20240614$gRICA 856 4 $uhttp://doi.org/10.1007/978-1-4614-8749-4 $zE-book ? Accesso al full-text attraverso riconoscimento IP di Ateneo, proxy e/o Shibboleth 899 $aBIBLIOTECA DEL DIPARTIMENTO DI MATEMATICA E FISICA$1IT-CE0120$2VAN08 912 $fN 912 $aVAN0132710 950 $aBIBLIOTECA DEL DIPARTIMENTO DI MATEMATICA E FISICA$d08CONS e-book 1917 $e08eMF1917 20210324 996 $aIncoming Asteroid$91768673 997 $aUNICAMPANIA LEADER 01727nam0 22004573i 450 001 VAN00292663 005 20250512021802.951 017 70$2N$a9781441985545 100 $a20250512d1994 |0itac50 ba 101 $aeng 102 $aUS 105 $a|||| ||||| 181 $ai$b e 182 $ab 183 $acr 200 1 $aˆA ‰First Course in Analysis$fGeorge Pedrick 210 $aNew York$cSpringer$d1994 215 $axxi, 278 p.$cill.$d24 cm 410 1$1001VAN00024019$12001 $aUndergraduate texts in mathematics$1210 $aBerlin [etc.]$cSpringer$d1958- 606 $a01-XX$xHistory and biography [MSC 2020]$3VANC021469$2MF 606 $a26-XX$xReal functions [MSC 2020]$3VANC019778$2MF 610 $aCalculus$9KW:K 610 $aCompactness$9KW:K 610 $aContinuous functions$9KW:K 610 $aDerivatives$9KW:K 610 $aDifferential equations$9KW:K 610 $aFourier series$9KW:K 610 $aImproper integrals$9KW:K 610 $aLogarithms$9KW:K 610 $aMeasure$9KW:K 620 $aUS$dNew York$3VANL000011 700 1$aPedrick$bGeorge$3VANV041310$060349 712 $aSpringer $3VANV108073$4650 801 $aIT$bSOL$c20250704$gRICA 856 4 $uhttps://doi.org/10.1007/978-1-4419-8554-5$zE-book ? Accesso al full-text attraverso riconoscimento IP di Ateneo, proxy e/o Shibboleth 899 $aBIBLIOTECA DEL DIPARTIMENTO DI MATEMATICA E FISICA$1IT-CE0120$2VAN08 912 $fN 912 $aVAN00292663 950 $aBIBLIOTECA DEL DIPARTIMENTO DI MATEMATICA E FISICA$d08DLOAD e-Book 11655 $e08eMF11655 20250630 996 $aFirst course in analysis$983068 997 $aUNICAMPANIA LEADER 01083nam0 2200265 i 450 001 VAN00096099 005 20240806100703.190 010 $a03-334-7639-5 100 $a20131113d1990 |0itac50 ba 101 $aeng 102 $aGB 105 $a|||| ||||| 200 1 $aˆThe ‰political economy of James Buchanan$fDavid Reisman 210 $aBasingstoke$aLondon$cMacmillan$d 1990 215 $aVI, 204 p.$d23 cm. 620 $aGB$dLondon$3VANL000015 700 1$aReisman$bDavid$3VANV075898$0477276 712 $aMacMillan $3VANV111155$4650 801 $aIT$bSOL$c20260130$gRICA 856 4 $uhttps://books.google.it/books?id=nFawCwAAQBAJ&printsec=frontcover&hl=it$zhttps://books.google.it/books?id=nFawCwAAQBAJ&printsec=frontcover&hl=it 899 $aBIBLIOTECA DEL DIPARTIMENTO DI ECONOMIA$1IT-CE0106$2VAN03 912 $aVAN00096099 950 $aBIBLIOTECA DEL DIPARTIMENTO DI ECONOMIA$d03PREST IIIGb8 $e03 2800 20131113 996 $aPolitical economy of James Buchanan$9970033 997 $aUNICAMPANIA